HARD!!! Harry Potter in 99 seconds lyrics - Statistics

General Stats
  • This quiz has been taken 5,257 times
  • The average score is 124 of 237
Answer Stats
Lyrics % Correct
harry
95%
a
86%
he
83%
the
82%
ron
79%
i
77%
hermione
75%
boy
73%
to
73%
voldemort
73%
was
73%
and
71%
There
71%
there
71%
named
70%
who
70%
be
69%
once
69%
his
67%
hogwarts
67%
by
64%
killed
64%
scar
64%
were
64%
yo
64%
dumbledore
63%
parents
63%
him
62%
is
62%
wizard
60%
in
59%
gave
58%
star
57%
your
56%
destined
55%
no
55%
so
55%
for
54%
draco
53%
it
53%
meets
53%
goes
52%
wand
52%
gryffindor
50%
of
49%
youre
49%
chamber
47%
snake
47%
get
46%
play
46%
secret
46%
tom
46%
break
45%
gone
45%
now
45%
riddle
45%
stone
45%
at
44%
danger
43%
ginnys
43%
harrys
43%
mcgonagall
43%
take
43%
they
43%
daddys
42%
inside
42%
mortal
42%
breaks
41%
can
41%
hides
41%
aunt
40%
dont
40%
godfather
40%
its
40%
prisoner
40%
sirius
40%
up
40%
with
40%
azkaban
39%
destroyed
39%
gets
39%
requires
39%
triwizard
39%
unemployed
39%
as
38%
back
38%
becomes
38%
lupin
38%
man
38%
oh
38%
scary
38%
tournament
38%
why
38%
blows
37%
either
37%
getting
37%
marge
37%
put
37%
really
37%
dead
36%
dementors
36%
dragons
36%
hes
36%
mermaids
36%
school
36%
wolf
36%
charge
35%
constant
35%
edward
35%
cullen
34%
ginormous
34%
large
34%
quirrell
34%
sorcerers
34%
ignoring
33%
rats
33%
time
33%
contact
32%
death
32%
happens
32%
one
32%
save
32%
slayed
32%
just
31%
umbridge
31%
attempts
30%
bad
30%
final
30%
forced
30%
into
30%
leave
30%
travel
30%
use
30%
voldemorts
30%
good
29%
ministry
29%
breath
28%
dracos
28%
kids
28%
revolutionary
28%
seven
28%
soul
28%
tool
28%
arrives
27%
end
27%
horcruxes
27%
parts
27%
split
27%
whole
26%
between
25%
may
25%
constantly
24%
dumbledores
24%
conquered
23%
duel
22%
theyre
22%
lightening
21%
blacks
19%
No matching quizzes found
Score Distribution
Percent of People with Each Score
Percentile by Number Answered
Your Score History
You have not taken this quiz